| 000 | 00400 a2200157 4500 | ||
|---|---|---|---|
| 999 |
_c368896 _d368896 |
||
| 003 | NUST | ||
| 005 | 20191120110117.0 | ||
| 008 | 191120b ||||| |||| 00| 0 eng d | ||
| 038 | _aMSOHAIL | ||
| 082 | _a0 | ||
| 100 |
_aAlexander Kossiakoff _925890 |
||
| 245 | _aSystems Engineering Principles and Practice | ||
| 260 |
_aNew Jersey _bWiley&Sons _cc2006 |
||
| 300 | _ap;463 | ||
| 942 |
_aNUST-CAE _2ddc |
||